000
00260nam a2200097Ia 4500
008
220204s9999 xx 000 0 und d
082
_a
66(058)(540)
_b
MAN
245
0
_a
Mantech register of trade and industry-India
260
_a
Bombay
_b
Mantech
_c
1974
942
_c
BK
999
_c
22947
_d
22947